Countries by second letter O - Statistics

General Stats
  • This quiz has been taken 109 times
  • The average score is 26 of 30
Answer Stats
Answer % Correct
Bolivia
96%
North Korea
95%
Poland
95%
Norway
93%
South Korea
93%
Monaco
92%
South Sudan
92%
Colombia
91%
Romania
91%
South Africa
91%
Togo
91%
Comoros
89%
Jordan
89%
Botswana
88%
Dominica
88%
Dominican Republic
88%
Kosovo
88%
Moldova
88%
Portugal
88%
Somalia
86%
Bosnia and Herzegovina
85%
Morocco
85%
Tonga
85%
Honduras
84%
Costa Rica
82%
Mongolia
82%
North Macedonia
80%
Montenegro
78%
Mozambique
78%
Solomon Islands
74%
No matching quizzes found
Score Distribution
Percent of People with Each Score
Percentile by Number Answered
Your Score History
You have not taken this quiz